La corrupción: un problema nacional
En el texto el autor hace énfasis en la vinculación del dinero del narcotráfico en la política nacional y especialmente en la campañas políticas. Menciona la existencia de un ligamen específicamente entre Ricardo Allem, dirigente del narcotráfico con Oscar Arias y Rolando Araya, miembros del Partido...
Uloženo v:
| Médium: | Text |
|---|---|
| Témata: | |
| Tagy: |
Přidat tag
Žádné tagy, Buďte první, kdo vytvoří štítek k tomuto záznamu!
|
MARC
| LEADER | 00000 a a2200000 04500 | ||
|---|---|---|---|
| 001 | 3964 | ||
| 003 | |||
| 040 | |||
| 245 | |a La corrupción: |b un problema nacional | ||
| 520 | |a En el texto el autor hace énfasis en la vinculación del dinero del narcotráfico en la política nacional y especialmente en la campañas políticas. Menciona la existencia de un ligamen específicamente entre Ricardo Allem, dirigente del narcotráfico con Oscar Arias y Rolando Araya, miembros del Partido Liberación Nacional, lo anterior pone en crisis al Partido frente a la Campaña de 1990. También hace alusión a la corrupción en las esferas de las instituciones públicas del país, lo cual según él está abriendo las bases para las operaciones para el desarrollo del narcotráfico | ||
| 650 | |a PROBLEMAS POLITICOS | ||
| 650 | |a CORRUPCION | ||
| 650 | |a TRAFICO DE DROGAS | ||
| 650 | |a COSTA RICA | ||
| 773 | |g número 26; páginas 3-7 | ||
| 999 | |c 38305 |d 38305 | ||
